000 00500nam a2200193Ia 4500
005 20240823023511.0
008 240823s9999||||xx |||||||||||||| ||und||
020 _a978-81-265-0813-6
041 _aENGLISH
082 _A620.11 P9
100 _a"Callister,William D"
245 0 _aMaterials Science and Engineering an Introduction
250 _a6th
260 _c2009
_bWiley India Pv
_aNew Delhi
500 _aYES
650 _aMaterials Science
_bMechanical
942 _cBK
999 _c181690
_d181690